| 000 | 00464nam a2200193Ia 4500 | ||
|---|---|---|---|
| 003 | STCL | ||
| 008 | 230726s9999 xx 000 0 und d | ||
| 020 | _a9781529110685 | ||
| 040 |
_aSTCL _cSTCL _bEN |
||
| 082 | _222 | ||
| 100 | _aVuong, Ocean | ||
| 245 | 0 | _aOn earth we're briefly gorgeous | |
| 246 | _aOn earth were briefly gorgeous | ||
| 260 |
_bVintage _aLondon _c2020 |
||
| 300 | _a242 p | ||
| 365 | _b499 | ||
| 546 | _aEnglish | ||
| 942 |
_2DDC _e22 _cBKDDC |
||
| 999 |
_c89871 _d89871 |
||